| 000 | 00672nam a22002177a 4500 | ||
|---|---|---|---|
| 999 |
_c3195 _d3195 |
||
| 003 | AR-CdUCM | ||
| 008 | 190306b ||||| |||| 00| 0 spa d | ||
| 040 |
_aMUNICIPALIDAD PROVINCIAL DEL CUSCO _cBIBLIOTECA MUNICIPAL DEL CUSCO |
||
| 082 |
_a869.56 / _bB276 |
||
| 100 |
_aBarrionuevo Sánchez, Alfonsina _93176 |
||
| 245 |
_aSaqesqa : _bLa novia del Santo / |
||
| 260 |
_aLima : _bServicios de Artes Gràficas, _c1990. |
||
| 300 |
_a91 páginas ; _c20 cm. |
||
| 505 | _aContenido: Cuento peruano. | ||
| 650 |
_aCuento peruano _93686 |
||
| 650 |
_aMundos paralelos _910732 |
||
| 650 |
_aIdentidad _9255 |
||
| 650 |
_aSiglo XX _98 |
||
| 942 |
_2ddc _cLIBROS |
||
| 945 | _adavv | ||